Educación Matemática 3º Básico: texto para el estudiante

Сохранить в:
Библиографические подробности
Главные авторы: López Cartes, Alejandra (autora), Ordenes Sotomayor, María Fernanda (Автор)
Формат:
Язык:испанский
Опубликовано: Santiago Norma 2006
Предметы:
Метки: Добавить метку
Нет меток, Требуется 1-ая метка записи!

MARC

LEADER 00000nam a2200000 a 4500
001 UCI5600
003 CL-VaPUC
008 080404e20060000CL |||||||||||||||||spa|d
020 |a 9563000986 
082 0 4 |a 372.7  |b LOP  |2 21 
100 |a López Cartes, Alejandra  |e autora  |9 528096 
700 0 |a Ordenes Sotomayor, María Fernanda  |e author  |9 528094 
245 1 0 |a Educación Matemática 3º Básico: texto para el estudiante 
300 |a 159 p 
942 |c BK 
945 |d 20080404 00:00:00  |a rbrito 
260 |a Santiago  |b Norma  |c 2006 
650 0 |a Matemáticas  |x Enseñanza  |9 875527 
650 0 |a Matemática  |9 260235 
650 0 |a Educación básica   |9 224933 
650 0 |a Sistemas numéricos  |9 421917 
583 |a last modification  |c 20171004 12:17:26  |k Rodrigo Vera 
999 |c 329340  |d 329338 
952 |0 0  |1 0  |4 0  |6 372_700000000000000_LOP_2006  |7 0  |8 A  |9 413787  |a BIBEDU  |b BIBEDU  |d 2019-11-22  |i 4421507  |o 372.7 LOP 2006  |p 4421507  |r 2019-11-22  |w 2019-11-22  |y BK  |k EDU 
952 |0 0  |1 0  |4 0  |6 372_700000000000000_LOP_2006  |7 0  |8 A  |9 413789  |a BIBEDU  |b BIBEDU  |d 2019-11-22  |i 4463668  |o 372.7 LOP 2006  |p 4463668  |r 2019-11-22  |w 2019-11-22  |y BK  |k EDU